000 00576nam a22001937a 4500
003 OSt
005 20260425015330.0
008 260425b |||||||| |||| 00| 0 eng d
020 _a13-088983-0
040 _aDWCL-Main lib
_cOC
082 _24th ed.
_aCirc. 624.1821 Sp43a 2002
100 _aSpiegel, Leonard
245 _aApplied structural steel design/
_cSpiegel, Leonard
260 _aOhio :
_bPrentice-hall,
_cc2002.
300 _axv 501 pages. :
_bill. ;
_c24 cm.
504 _ainclude index.
700 _aLimbrunner, George F.
942 _2ddc
_cBK-CIRC
_hCirc
_n0
999 _c9884
_d9884